Decline and Fall (Record no. 67821)

MARC details
000 -LEADER
fixed length control field 00375nam a2200133Ia 4500
008 - FIXED-LENGTH DATA ELEMENTS--GENERAL INFORMATION
fixed length control field 211109s9999||||xx |||||||||||||| ||und||
082 ## - DEWEY DECIMAL CLASSIFICATION NUMBER
Classification number 519.06
Item number WAU-D
100 ## - MAIN ENTRY--PERSONAL NAME
Personal name Waugh, Evelyn
245 #0 - TITLE STATEMENT
Title Decline and Fall
260 ## - PUBLICATION, DISTRIBUTION, ETC.
Name of publisher, distributor, etc. Penguin Books
Place of publication, distribution, etc. Noplace
Date of publication, distribution, etc. 1976
630 ## - SUBJECT ADDED ENTRY--UNIFORM TITLE
General subdivision General Stack
650 ## - SUBJECT ADDED ENTRY--TOPICAL TERM
Topical term or geographic name entry element Natural Sciences
942 ## - ADDED ENTRY ELEMENTS (KOHA)
Koha item type BOOK
650 ## - SUBJECT ADDED ENTRY--TOPICAL TERM
Form subdivision Mathematics
General subdivision ProbabilityStatisticsGeneralia
Holdings
Withdrawn status Lost status Damaged status Not for loan Home library Current library Date acquired Cost, normal purchase price Total Checkouts Full call number Barcode Shelving location Date last seen Price effective from Koha item type
        SB LIBRARY SB LIBRARY 09/11/2021 10.15   519.06 WAU-D 00051906 GENERAL STACK 09/11/2021 09/11/2021 BOOK

Powered by Koha